Czy znasz zwycięzców Gali Ekstraklasy 2019? - Statystyki

Ogólne statystyki
  • Ten quiz został rozwiązany 302 razy
  • Średni wynik to 5 z 10
Statystyki odpowiedzi
kategoria piłkarz/trener/drużyna % Poprawnych
Mistrz Polski: Piast Gliwice
93%
Trener Sezonu 2018/19: Waldemar Fornalik (Piast Gliwice)
65%
Napastnik Sezonu 2018/19: Igor Angulo (Górnik Zabrze)
58%
Król Strzelców: Igor Angulo (Górnik Zabrze)
58%
Pomocnik Sezonu 2018/19: Joel Valencia (Piast Gliwice)
51%
Zawodnik sezonu 2018/19: Joel Valencia (Piast Gliwice)
51%
Bramkarz Sezonu 2018/19: Frantisek Plach (Piast Gliwice)
36%
Młodzieżowiec Sezonu PKO Banku Polskiego: Patryk Dziczek (Piast Gliwice)
34%
„Turbokozak”: Jan Bednarek (Southampton)
33%
Obrońca Sezonu 2018/19: Aleksandar Sedlar (Piast Gliwice)
27%
Nie znaleziono quizów pasujących do podanych kryteriów
Rozkład punktacji
Procent ludzi z każdym wynikiem
Percentyl według liczby udzielonych odpowiedzi
Twoja historia wyników
Nie rozwiązałeś tego quizu